Statistics for MLB 2022 Final Standings

Click here to take the quiz!

General Stats

  • This quiz has been taken 81 times
  • The average score is 27 of 30

Answer Stats

HintAnswer% Correct
101-61Braves
98%
101-61Mets
98%
99-63Yankees
98%
92-70Blue Jays
97%
86-76Rays
97%
78-84Red Sox
97%
81-81White Sox
97%
106-56Astros
95%
92-70Guardians
95%
83-79Orioles
95%
87-75Phillies
95%
65-97Royals
95%
78-84Twins
95%
66-96Tigers
93%
73-89Angels
92%
93-69Cardinals
92%
90-72Mariners
92%
69-93Marlins
92%
86-76Brewers
90%
55-107Nationals
90%
60-102Athletics
88%
68-94Rangers
87%
111-51Dodgers
85%
74-88Cubs
83%
62-100Pirates
82%
62-100Reds
80%
89-73Padres
78%
68-94Rockies
77%
81-81Giants
75%
74-88Diamondbacks
72%

Score Distribution

Percentile by Number Answered

Percent of People with Each Score

Your Score History

You have not taken this quiz